000 00544nam a2200193Ia 4500
005 20260114185600.0
008 008 260114s9999 xx 000 0 eng d
020 _a9781350083479
037 _aEBOOK
040 _aCRL
_beng
_cCRL
041 _aeng
_2eng
084 _qCRL
100 _aWinfried Baumgart
_9871848
245 4 _aThe Crimean War 1853-1856
260 _bBloomsbury
_c2020
856 _uhttps://doi.org/10.5040/9781350083479?locatt=label:secondary_bloomsburyCollections
942 _cEBOOK
999 _c1470796
_d1470796